000 nam a22 7a 4500
999 _c30358
_d30357
003 OSt
005 20180122112937.0
008 180122b ||||| |||| 00| 0 eng d
040 _aMMU
_beng
_cMMU
_dMMU
050 _aGV706.4.B37 2007
245 _aReference material for competition
260 _aOntario:
_bnova scotia,
_c2007.
650 _areference material for competition
942 _2lcc
_cLOAN LOAN